[Štoll, Pavel

Titel: [Štoll, Pavel : Lotyšská kultura a Jednota bratrská : České kontexty lotyšských kulturních tradic v 17.-20. století [Die lettische Kultur und die Brüder-Unität : Tschechische Kontexte der lettischen kulturellen Traditionen vom 17.-20. Jahrhundert]] / Jindřich Halama
Verfasser:
In: Comenius-Jahrbuch, Band 22-24 (2014-2016), Seite 148-150
alle Artikel anzeigen
Veröffentlicht: 2016
Format: Aufsatz
Sprache: Tschechisch
Schlagworte:
Kein Bild verfügbar
X
alg: 42524553
001A    $03025:26-01-18 
001B    $06050:02-02-26 $t06:39:15.000 
001C    $03025:26-01-18 $t11:11:42.000 
001D    $03025:26-01-18 
001U    $0utf8 
001X    $00 
002@    $0Aou 
002C    $aText $btxt $2rdacontent 
002D    $aohne Hilfsmittel zu benutzen $bn $2rdamedia 
002E    $aBand $bnc $2rdacarrier 
003@    $0425245535 
007A    $0425245535 $aHEB 
010@    $acze 
010E    $erda 
011@    $a2016 
013D    $#Newspapers Sections, columns, etc. Reviews $#Book reviewing $#Journaux Cahiers, chroniques, etc. Comptes rendus $#Livres Recension $#Rezension $#Rezension $#Buchbesprechung $#Buchrezension $#Buchkritik $74049712-4 $8Rezension [Ts1] $9085138568 
021A    $a[Štoll, Pavel $dLotyšská kultura a Jednota bratrská : České kontexty lotyšských kulturních tradic v 17.-20. století [Die lettische Kultur und die Brüder-Unität : Tschechische Kontexte der lettischen kulturellen Traditionen vom 17.-20. Jahrhundert]] $hJindřich Halama 
028A    $BVerfasser $4aut $71131104706 $8Halama, Jindřich$Z1952- [Tp3] $9402694139 
031A    $d22-24 $h148-150 $j2014-2016 
039B    $aEnthalten in $8--Abvc--. Comenius-Jahrbuch. - Baden-Baden : Academia Verlag, 1993-. - ISSN 0945-313X $x201400000220000852 $9048643025 
039T    $aRezension von $8--Aau--Štoll, Pavel$Z1964- [Tp3]. Lotyšská kultura a Jednota bratrská. - 1. vyd.. - Praha : Karolinum, 2013. - 323 S.. - Ill.. - ISBN 978-80-246-2284-2 $9337848424 
045F    $a900.94371 $eDDC23BSB 
045F/01 $a900 
045F/03 $g4371 
045F/03 $g4796 
045T    $a1 $a5,3 
045T    $aTHEO $qDE-21 $2FID 

lok: 42524553 78

exp: 42524553 78 1 #EPN
201B/01 $026-01-18 $t11:06:22.000 
201C/01 $026-01-18 
201U/01 $0utf8 
203@/01 $01016439075 
208@/01 $a26-01-18 $be 
209A/01 $a/ $f000 $x00 
209A/01 $ab*p $x01 
220C/01 $awma 
244Z/01 $#Böhmische Kronländer $#Länder der Böhmischen Krone $#Sudetenland $#Böhmen $#Mähren $#Mährisch-Schlesien $#Österreichisch-Schlesien $#Tschechische Sozialistische Republik Böhmische Länder $#Tschechei Böhmische Länder $#Země koruny české $74069573-6 $8--Tg1--Böhmische Länder $x03 $9085195553 
244Z/01 $#Lettland $#Lettland $#Lettland $#Latvija $#Latvijas Republika $#Lettische Republik $#République de Lettonie $#Republik Lettland $#Latwija $#Latvijas Republikas Tautas $#Republic of Latvia $#Latvijskaja Respublika $#Latvia $#Lettonie $#Łotwa $74074187-4 $8--Tg1--Lettland $x08 $9085208876 
247C/01 $82080>Marburg/Lahn, Herder-Institut, Forschungsbibliothek, Bibliographieportal $9336309341
LEADER 00000caa a2200000 c 4500
001 425245535
003 DE-603
005 20260202063915.0
007 tu
008 180126s2016 xx |||| | u00||u|cze c
035 |a (DE-599)HEB425245535 
040 |a DE-603  |b ger  |c DE-603  |d DE-603  |e rda 
041 |a cze 
082 0 4 |8 1\u  |a 900.94371  |q DE-101  |2 23/BSB 
084 |a 1  |a 5,3  |2 ssgn 
084 |a THEO  |q DE-21  |2 fid 
085 |8 1\u  |b 900 
085 |8 1\u  |z 2  |s 4371 
085 |8 1\u  |z 2  |s 4796 
100 1 |a Halama, Jindřich  |d 1952-  |e Verfasser  |4 aut  |0 (DE-603)402694139  |0 (DE-588)1131104706  |2 gnd 
245 0 0 |a [Štoll, Pavel  |b Lotyšská kultura a Jednota bratrská : České kontexty lotyšských kulturních tradic v 17.-20. století [Die lettische Kultur und die Brüder-Unität : Tschechische Kontexte der lettischen kulturellen Traditionen vom 17.-20. Jahrhundert]]  |c Jindřich Halama 
264 0 |c 2016 
336 |a Text  |b txt  |2 rdacontent 
337 |a ohne Hilfsmittel zu benutzen  |b n  |2 rdamedia 
338 |a Band  |b nc  |2 rdacarrier 
655 7 |a Rezension  |2 gnd-content  |0 (DE-588)4049712-4  |0 (DE-603)085138568 
773 0 8 |i Enthalten in  |t Comenius-Jahrbuch  |d Baden-Baden : Academia Verlag, 1993-  |x 0945-313X  |g Band 22-24 (2014-2016), Seite 148-150  |w (DE-603)048643025  |w (DE-600)1180744-1 
787 0 8 |i Rezension von  |a Štoll, Pavel, 1964-  |t Lotyšská kultura a Jednota bratrská  |b 1. vyd.  |d Praha : Karolinum, 2013  |h 323 S., Ill.  |z 9788024622842  |w (DE-603)337848424 
924 0 |9 2080  |a (DE-603)1016439075  |b DE-2080  |c HES  |d d  |g /